00657nam a22002177a 450000500170000002000260001703500130004303700180005608200120007410000170008624500630010325000110016626000260017727000690020330000290027249000270030150000190032865000350034765000380038270000190042020170515102717.0 c779.00a9789332555310 aB-663829 bBookwelladpl a005.133 aDeitel, Paul aC : cby Paul Deitel [and] Harvey Deitelbhow to program / a7th ed aDelhibPearson c2017 aRimjhim House, 111, Patparganj Industrial Estate,bDelhie110092 axviii, 947p. c24cm(pbk) a How to program series aIncludes index a C (Computer program language) a Java (Computer program language) aDeitel, Harvey